[Event "EU-chT (Men) 18th"]
[Site "Porto Carras"]
[Date "2011.11.09"]
[Round "7.1"]
[White "Jobava, Baadur"]
[Black "Stevic, Hrvoje"]
[Result "1-0"]
[WhiteElo "2678"]
[BlackElo "2612"]
[PlyCount "69"]
[EventDate "2011.11.03"]
[EventType "team-swiss"]
[EventRounds "9"]
[EventCountry "GRE"]
[SourceTitle "CBM 146"]
[Source "ChessBase"]
[SourceDate "2012.01.18"]
[SourceVersion "1"]
[SourceVersionDate "2012.01.18"]
[SourceQuality "1"]
[WhiteTeam "Georgia"]
[BlackTeam "Croatia"]
[WhiteTeamCountry "GEO"]
[BlackTeamCountry "CRO"]

1. Nf3 d5 2. c4 d4 3. g3 g6 4. Bg2 Bg7 5. d3 e5 6. b4 a5 ({RR} 6... Nd7 7. Nbd2 Nh6 8. O-O f6 9. b5 O-O 10. a4 Nf7 11. a5 Rb8 12. Ne1 f5 13. Nc2 Nf6 14. Nb4 Bd7 15. Nb3 b6 16. axb6 axb6 17. Ra7 f4 18. Ba3 Nd6 19. Na6 Rc8 20. Rxc7 Rxc7 21. Bxd6 {Anand,V (2784)-Svidler,P (2713) Wijk aan Zee 1999 1-0 (35)}) 7. b5 c5 $146 ({RR} 7... Ne7 8. O-O O-O 9. a4 Re8 10. Ba3 h6 11. Ra2 Be6 12. Re1 Nd7 13. e3 c5 14. bxc6 Nxc6 15. exd4 exd4 16. Rb2 Qc8 17. Nbd2 Nde5 18. Ne4 Bg4 19. Nxe5 Bxd1 20. Nd6 Qe6 21. Bd5 Nxe5 22. Bxe6 {Olsen,F (2440)-Goncalves,S (2190) chess.com INT 2024 1-0}) ({RR} 7... Ne7 8. O-O O-O 9. a4 Re8 10. Ba3 h6 11. Ra2 Be6 12. Re1 Nd7 13. e3 c5 14. bxc6 Nxc6 15. exd4 exd4 16. Rb2 Qc8 17. Nbd2 Nde5 18. Ne4 Bg4 19. Nxe5 Bxd1 20. Nd6 Qe6 21. Bd5 Nxe5 22. Bxe6 {Olsen,F (2440)-Goncalves,S (2190) chess.com INT 2024 1-0}) 8. bxc6 Nxc6 9. Na3 Nge7 10. O-O O-O 11. Nd2 Nb4 12. Nb5 Nec6 13. Ne4 Qe7 14. e3 Rd8 15. a3 Na6 16. exd4 Nxd4 17. Nxd4 exd4 18. Re1 Qf8 19. Rb1 Nc7 20. a4 Ra6 21. Qb3 Re6 22. Bd2 b6 23. c5 Nd5 24. Ng5 Qxc5 25. Bxd5 Qxd5 26. Qxd5 Rxd5 27. Nxe6 Bxe6 28. Rxb6 Bf8 29. Rb5 Rd8 30. Rxa5 Bb3 31. Bg5 Rc8 32. Rc1 Re8 33. Bf6 Ba3 34. Re5 Ra8 35. Ra1 1-0

[Event "Beijing Sportaccord rap (Women)"]
[Site "Beijing"]
[Date "2011.12.10"]
[Round "3"]
[White "Harika, Dronavalli"]
[Black "Zatonskih, Anna"]
[Result "1-0"]
[WhiteElo "2512"]
[BlackElo "2506"]
[PlyCount "69"]
[EventDate "2011.12.09"]
[EventType "swiss (rapid)"]
[EventRounds "7"]
[EventCountry "CHN"]
[SourceTitle "CBM 145 Extra"]
[Source "ChessBase"]
[SourceDate "2012.01.03"]
[SourceVersion "1"]
[SourceVersionDate "2012.01.03"]
[SourceQuality "1"]

1. Nf3 d5 2. g3 Bg4 3. Bg2 Nd7 4. O-O c6 5. b3 e5 6. Bb2 Bd6 7. d3 Ngf6 8. Nbd2 O-O 9. h3 Bh5 10. Nh4 Re8 11. Qe1 $146 ({RR} 11. Nf5 Bf8 12. Qe1 a5 13. a3 Bg6 14. Nh4 Qb6 15. Nxg6 hxg6 16. e3 Rad8 17. Qe2 Bc5 18. c3 Bd6 19. b4 c5 20. c4 cxb4 21. axb4 Bxb4 22. cxd5 Qa6 23. Nc4 a4 24. Rfb1 Bf8 25. Bc3 b5 {Lobron,E (2570)-Kramnik,V (2710) Munich 1994 ½-½ (42)}) ({RR} 11. c4 Bc5 12. cxd5 cxd5 13. Nf5 Bg6 14. Nh4 Bh5 15. Nf5 Qb6 16. g4 Bg6 17. Ng3 h5 18. gxh5 Bxh5 19. Nxh5 Nxh5 20. e3 Ndf6 21. Nf3 e4 22. Nd4 Nf4 23. dxe4 Nxg2 24. Kxg2 dxe4 25. Rg1 Rad8 {Manicuta,M (2122)-Ionescu,I (2339) Satu Mare 2003 1-0 (88)}) 11... e4 12. dxe4 dxe4 13. Nc4 Bf8 14. Rd1 Qc7 15. Nf5 Bg6 16. Nce3 a5 17. a3 b5 18. Qd2 Ne5 19. Qc1 a4 20. g4 Bc5 21. b4 Bb6 22. c4 Bxf5 23. c5 Bg6 24. cxb6 Qxb6 25. Rd6 Rac8 26. Rfd1 Qc7 27. g5 Nfd7 28. Qc3 Nb6 29. f4 exf3 30. exf3 f6 31. gxf6 Qf7 32. f4 Nec4 33. Nxc4 Nxc4 34. Rd7 Qe6 35. f7+ 1-0

[Event "Beijing Sportaccord blitz"]
[Site "Beijing"]
[Date "2011.12.13"]
[Round "11"]
[White "Ponomariov, Ruslan"]
[Black "Kamsky, Gata"]
[Result "1-0"]
[WhiteElo "2723"]
[BlackElo "2732"]
[PlyCount "97"]
[EventDate "2011.12.12"]
[EventType "swiss (blitz)"]
[EventRounds "15"]
[EventCountry "CHN"]
[SourceTitle "CBM 145 Extra"]
[Source "ChessBase"]
[SourceDate "2012.01.03"]
[SourceVersion "1"]
[SourceVersionDate "2012.01.03"]
[SourceQuality "1"]

1. e4 c5 2. Nf3 e6 3. d3 Nc6 4. g3 g6 5. Bg2 Bg7 6. O-O d6 7. c3 e5 8. a3 Nge7 ({RR} 8... h6 9. b4 Nf6 10. b5 Ne7 11. a4 a6 12. Na3 O-O 13. Bb2 axb5 14. axb5 Be6 15. Re1 Nd7 16. d4 exd4 17. cxd4 Nb6 18. Rb1 c4 19. d5 Bxb2 20. Rxb2 Bxd5 21. Nc2 Be6 22. Nfd4 Qd7 23. Ne3 {Oparin,G (2662)-Sevian,S (2689) Saint Louis USA 2024 ½-½ (50)}) ({RR} 8... Nf6 9. d4 exd4 10. cxd4 Bg4 11. dxc5 {½-½ (11) Rasik,V (2406)-Nguyen,A (2347) Marianske Lazne CZE 2024}) ({RR} 8... Nf6 9. b4 O-O 10. b5 Ne7 11. c4 Ne8 12. Nc3 f5 13. Ra2 Nc7 14. exf5 Nxf5 15. Ng5 h6 16. Nge4 Ne6 17. Nd5 g5 18. a4 Rb8 19. a5 Rf7 20. Kh1 Qf8 21. f4 exf4 22. gxf4 g4 23. Qxg4 {Solon,N (2306)-Kamsky,G (2666) Chess.com INT 2022 0-1 (39)}) 9. b4 b6 10. b5 Nb8 11. d4 $146 ({RR} 11. c4 O-O 12. Nc3 h6 13. a4 f5 14. a5 bxa5 15. Qa4 Nd7 16. Qxa5 Nb6 17. Bd2 Bb7 18. Qa2 f4 19. Na4 g5 20. Ba5 Ng6 21. Bh3 Bc8 22. Bxc8 Rxc8 23. Bxb6 axb6 24. Nc3 Qd7 25. Kg2 g4 {Lopez del Alamo,A (2292)-Sanchez,R (1966) chess.com INT 2023 1-0 (33)}) ({RR} 11. c4 O-O 12. Nc3 h6 13. a4 f5 14. a5 bxa5 15. Qa4 Nd7 16. Qxa5 Nb6 17. Bd2 Bb7 18. Qa2 f4 19. Na4 g5 20. Ba5 Ng6 21. Bh3 Bc8 22. Bxc8 Rxc8 23. Bxb6 axb6 24. Nc3 Qd7 25. Kg2 g4 {Lopez del Alamo,A (2292)-Sanchez,R (1966) chess.com INT 2023 1-0 (33)}) 11... Bb7 12. Re1 Nd7 13. a4 O-O 14. Nbd2 a6 15. Rb1 axb5 16. axb5 Qc7 17. Qb3 h6 18. Bb2 Kh7 19. Ra1 exd4 20. cxd4 d5 21. Rxa8 Bxa8 22. e5 Nf5 23. Bh3 Nxd4 24. Nxd4 cxd4 25. Bxd7 Qxd7 26. Bxd4 Re8 27. f4 Re6 28. Nf3 Bb7 29. Kf2 Bc8 30. Rc1 Qd8 31. Rc6 Bf8 32. Bxb6 Qe8 33. Qxd5 Bd7 34. Rxe6 Bxe6 35. Qd3 Qb8 36. Be3 Qa8 37. b6 Bg4 38. Nd2 Bf5 39. Qc4 Be6 40. Qe4 Bd5 41. Qd4 Qc6 42. h4 Bh1 43. Ke1 Qc1+ 44. Ke2 Qc6 45. Qc4 Qg2+ 46. Bf2 Kg7 47. e6 fxe6 48. Qxe6 Qa8 49. Bd4+ 1-0

[Event "Beijing Sportaccord blitz"]
[Site "Beijing"]
[Date "2011.12.13"]
[Round "12"]
[White "Grischuk, Alexander"]
[Black "Wang, Hao"]
[Result "1-0"]
[WhiteElo "2752"]
[BlackElo "2736"]
[PlyCount "57"]
[EventDate "2011.12.12"]
[EventType "swiss (blitz)"]
[EventRounds "15"]
[EventCountry "CHN"]
[SourceTitle "CBM 145 Extra"]
[Source "ChessBase"]
[SourceDate "2012.01.03"]
[SourceVersion "1"]
[SourceVersionDate "2012.01.03"]
[SourceQuality "1"]

1. g3 d5 2. Nf3 Bg4 3. Bg2 Nd7 4. c4 e6 5. cxd5 exd5 6. Qb3 Nc5 7. Qc2 Nf6 ({RR} 7... c6 8. O-O Ne6 9. e3 Bd6 10. b3 Ne7 11. Bb2 h5 12. h3 Bf5 13. d3 Nc5 14. e4 dxe4 15. dxe4 Bxe4 16. Qe2 Bd3 17. Qe3 Bxf1 18. Bxf1 Ne6 19. Nc3 Qb6 20. Qe2 O-O-O 21. Na4 Qc7 22. Rc1 {Vardanyan,A (2314)-Szpar,M (2512) chess.com INT 2024 0-1}) 8. O-O Bd6 9. d3 O-O 10. h3 $146 ({RR} 10. a3 a5 11. b3 a4 12. Nbd2 Re8 13. b4 Nb3 14. Nxb3 axb3 15. Qxb3 Rxe2 16. Nd4 Re8 17. Nb5 Bf8 18. Bf4 Rc8 19. Na7 Ra8 20. Nb5 Re7 21. h3 Bh5 22. Rfe1 c6 23. Nd4 Bg6 24. g4 Qb6 {Cilek,B (2285)-Holt,C (2540) chess.com INT 2023 0-1 (42)}) ({RR} 10. b4 Ne6 11. a3 Bxf3 12. exf3 Nd4 13. Qd1 a5 14. Bb2 Be5 15. Kh1 Nc6 16. d4 Bd6 17. b5 Na7 18. Nc3 Nc8 19. Na4 Qd7 20. Qb3 Qf5 21. Rae1 h5 22. Re5 Bxe5 23. dxe5 Nd7 24. Qxd5 Ncb6 {Andreikin,D (2729)-Holt,C (2540) chess.com INT 2022 ½-½ (52)}) 10... Bxf3 11. Bxf3 Ne6 12. e3 Qd7 13. Bg2 Rac8 14. Nd2 c5 15. b3 Qc7 16. Nf3 b5 17. Bb2 Nd7 18. Nh4 Nb6 19. Nf5 Rfd8 20. Qe2 Bf8 21. a4 g6 22. Nh4 bxa4 23. bxa4 c4 24. Rfc1 cxd3 25. Qxd3 Nc4 26. Bf6 Rd7 27. Bxd5 Qa5 28. e4 Nb6 29. Rxc8 1-0

[Event "Beijing Sportaccord blitz"]
[Site "Beijing"]
[Date "2011.12.13"]
[Round "14"]
[White "Grischuk, Alexander"]
[Black "Almasi, Zoltan"]
[Result "1-0"]
[WhiteElo "2752"]
[BlackElo "2707"]
[PlyCount "145"]
[EventDate "2011.12.12"]
[EventType "swiss (blitz)"]
[EventRounds "15"]
[EventCountry "CHN"]
[SourceTitle "CBM 145 Extra"]
[Source "ChessBase"]
[SourceDate "2012.01.03"]
[SourceVersion "1"]
[SourceVersionDate "2012.01.03"]
[SourceQuality "1"]

1. Nf3 Nf6 2. g3 d5 3. Bg2 c6 4. d3 Bf5 5. Nh4 Bg4 ({RR} 5... Bg6 6. Nxg6 hxg6 7. Nd2 e6 8. O-O Nbd7 9. e4 Be7 10. Qe2 Qc7 11. Nf3 dxe4 12. dxe4 e5 13. Ng5 Nh7 14. Nxh7 Rxh7 15. c3 a5 16. h4 Nc5 17. Be3 Ne6 18. Bh3 Nf8 19. Rad1 g5 20. h5 {Karjakin,S (2756)-Dominguez Perez,L (2754) Beijing 2013 1-0 (67)}) 6. h3 Bc8 7. O-O g6 $146 ({RR} 7... e5 8. c4 dxc4 9. dxc4 Qxd1 10. Rxd1 Be6 11. b3 a5 12. Nc3 Na6 13. Bb2 Nc5 14. Nf3 Nfd7 15. Ng5 f6 16. Nxe6 Nxe6 17. Ne4 Ndc5 18. Nd6+ Bxd6 19. Rxd6 Ke7 20. Rad1 Rhd8 21. Rxd8 Rxd8 22. Rxd8 {Efimenko,Z (2657)-Geller,J (2504) Loo 2014 ½-½ (58)}) ({RR} 7... e5 8. Nd2 Be7 9. e4 O-O 10. Re1 Re8 11. c3 Bf8 12. Qc2 Nbd7 13. Nf1 Qb6 14. Ne3 dxe4 15. dxe4 Nc5 16. b4 Ne6 17. Nef5 a5 18. Be3 Qc7 19. a3 c5 20. b5 c4 21. Bf1 Nc5 22. f3 {Brylowski,M (1927)-Bernat,M (1959) Jastrzebia Gora POL 2023 ½-½ (68)}) 8. e4 dxe4 9. dxe4 Qxd1 10. Rxd1 Bg7 11. e5 Nfd7 12. f4 Nb6 13. Nc3 Be6 14. Ne4 O-O 15. b3 Na6 16. Ba3 Rfe8 17. c4 Nc7 18. Rd2 Nd7 19. Rad1 Nf8 20. Kf2 Rab8 21. g4 Bh6 22. Kg3 b6 23. Rd3 Bc8 24. f5 c5 25. Bb2 Bb7 26. Nc3 Bxg2 27. Kxg2 Bg7 28. Ne4 Na6 29. a3 b5 30. Ba1 bxc4 31. bxc4 Rb7 32. Nf3 Nb8 33. Nxc5 Rc7 34. Nb3 Rxc4 35. f6 exf6 36. exf6 Bh8 37. Rd8 Rc8 38. Rxc8 Rxc8 39. Kg3 h6 40. h4 Ne6 41. g5 hxg5 42. hxg5 Nc6 43. Rd7 Rb8 44. Nbd4 Ncxd4 45. Bxd4 Rb3 46. Kg4 Rxa3 47. Rxa7 Rxa7 48. Bxa7 Nf8 49. Bc5 Nd7 50. Be7 Nb6 51. Bd8 Nd5 52. Ne5 Nc3 53. Kf3 Nd5 54. Be7 Nc7 55. Ng4 Ne6 56. Nh6+ Kh7 57. Nxf7 Kg8 58. Nh6+ Kh7 59. Nf7 Kg8 60. Nh6+ Kh7 61. Kg4 Nc5 62. f7 Nd7 63. f8=Q Nxf8 64. Bxf8 Bc3 65. Bc5 Bb2 66. Nf7 Ba1 67. Nd8 Kg7 68. Bd4+ Bxd4 69. Ne6+ Kf7 70. Nxd4 Ke7 71. Kf4 Kd6 72. Nf3 Ke6 73. Ne5 1-0

[Event "Beijing Sportaccord blitz (Women)"]
[Site "Beijing"]
[Date "2011.12.13"]
[Round "15"]
[White "Stefanova, Antoaneta"]
[Black "Lagno, Kateryna"]
[Result "1-0"]
[WhiteElo "2531"]
[BlackElo "2549"]
[PlyCount "95"]
[EventDate "2011.12.12"]
[EventType "swiss (blitz)"]
[EventRounds "15"]
[EventCountry "CHN"]
[SourceTitle "CBM 145 Extra"]
[Source "ChessBase"]
[SourceDate "2012.01.03"]
[SourceVersion "1"]
[SourceVersionDate "2012.01.03"]
[SourceQuality "1"]

1. Nf3 Nf6 2. g3 g6 3. Bg2 d5 4. O-O Bg7 5. d3 O-O 6. Nbd2 Nc6 7. e4 e5 8. h3 Re8 9. Re1 h6 10. c3 a5 11. a4 $146 ({RR} 11. Qc2 Be6 12. Kh2 Qd7 13. exd5 Nxd5 14. Nc4 Bf5 15. Nh4 Be6 16. Nf3 f6 17. d4 Bf5 18. Qd1 exd4 19. Rxe8+ Rxe8 20. Nxd4 Nxd4 21. Qxd4 c6 22. Ne3 Be6 23. Nxd5 cxd5 24. Be3 f5 25. Qd2 g5 {Harika,D (2492)-Sebag,M (2476) Chess.com INT 2019 1-0 (48)}) ({RR} 11. exd5 Nxd5 12. d4 exd4 13. Rxe8+ Qxe8 14. Nxd4 Nxd4 15. Bxd5 Ne2+ 16. Kh2 Nxc1 17. Rxc1 c6 18. Bg2 Be6 19. a3 Rd8 20. Qe2 Qd7 21. Ne4 b6 22. Rc2 Qd1 23. Qxd1 Rxd1 24. Rd2 Rb1 25. Nd6 c5 {Alvarez Pampillon,A (2107)-Dias,R (2256) Pontevedra ESP 2024 1-0 (59)}) ({RR} 11. b3 Be6 12. Qe2 Qd7 13. Kh2 Nh7 14. Ng1 Rad8 15. Ndf3 dxe4 16. dxe4 Qd3 17. Bb2 Qxe2 {½-½ (17) Giessmann,A-Teuschler,H Graz 1993}) 11... dxe4 12. dxe4 b6 13. Qc2 Ba6 14. Bf1 Bxf1 15. Nxf1 Qd7 16. Kg2 Qe6 17. Be3 Red8 18. Red1 Bf8 19. b3 Rxd1 20. Rxd1 Rd8 21. Rxd8 Nxd8 22. N1d2 Nb7 23. Nc4 Nd7 24. Nfd2 Kh7 25. Qb2 Nbc5 26. Qc2 Qc6 27. f3 h5 28. h4 Ne6 29. Qd3 Ndc5 30. Qd5 Qe8 31. Nxe5 Bg7 32. f4 Qe7 33. Nc6 Qf6 34. Nd4 Qe7 35. f5 Nf8 36. Bg5 Qd7 37. Bd8 Be5 38. Kf3 gxf5 39. exf5 Bd6 40. Nc4 Be5 41. Nc6 Bxc3 42. Bxc7 Nxb3 43. Bxb6 Kg7 44. Ke3 Be1 45. Kf3 Kf6 46. g4 Nd2+ 47. Ke2 Nxc4 48. Bd8+ 1-0

[Event "EU-ch rapid"]
[Site "Warsaw"]
[Date "2011.12.18"]
[Round "11"]
[White "Movsesian, Sergei"]
[Black "Azarov, Sergei Nikolaevich"]
[Result "1-0"]
[WhiteElo "2710"]
[BlackElo "2667"]
[PlyCount "85"]
[EventDate "2011.12.17"]
[EventType "swiss (rapid)"]
[EventRounds "13"]
[EventCountry "POL"]
[SourceTitle "CBM 145 Extra"]
[Source "ChessBase"]
[SourceDate "2012.01.03"]
[SourceVersion "1"]
[SourceVersionDate "2012.01.03"]
[SourceQuality "1"]

1. g3 Nf6 2. Bg2 d5 3. Nf3 g6 4. O-O Bg7 5. d3 O-O 6. Bd2 Nc6 ({RR} 6... Nbd7 7. c4 dxc4 8. dxc4 Ne4 9. Qc2 Nxd2 10. Nbxd2 e5 11. Rfd1 Qe7 12. Rab1 a5 13. a3 a4 14. h3 Nc5 15. Ne1 Bf5 16. e4 Bd7 17. Nd3 Ne6 18. Nf3 f6 19. h4 Rfd8 20. Bh3 Nd4 21. Nxd4 {Shtompel,Y (1938)-Piesik,P (2426) chess.com INT 2024 0-1 (32)}) 7. Qc1 Re8 8. Bh6 Bh8 9. Nc3 $146 ({RR} 9. h3 e5 10. Nc3 e4 11. Ng5 exd3 12. cxd3 Nd4 13. e4 dxe4 14. dxe4 c6 15. Re1 Nd7 16. Ne2 Ne5 17. Nxd4 Qxd4 18. Rd1 Qb6 19. Qf4 Qxb2 20. Bf1 f6 21. Nf3 g5 22. Qe3 Nxf3+ 23. Qxf3 Qe5 {Doda,Z-Lachut,J Katowice 1961 1-0 (58)}) 9... d4 10. Nd1 e5 11. e4 dxe3 12. Nxe3 e4 13. dxe4 Nxe4 14. Rd1 Bd7 15. c3 Qc8 16. Nd5 Ne7 17. Nxe7+ Rxe7 18. Qf4 Bh3 19. Re1 Bxg2 20. Kxg2 Qe8 21. h4 Qc6 22. Re3 Rae8 23. Rae1 Re6 24. Kg1 f5 25. h5 Bf6 26. g4 Qd5 27. hxg6 hxg6 28. c4 Qa5 29. b4 Qxa2 30. R3e2 Qxc4 31. gxf5 gxf5 32. Qxf5 Bg7 33. Bxg7 Kxg7 34. Nh4 Qc6 35. Kh2 Qd6+ 36. f4 Rh6 37. Qg4+ Kh7 38. Rxe4 Qf6 39. Kh3 Rxe4 40. Rxe4 Qc3+ 41. Qg3 Rxh4+ 42. Kxh4 Qf6+ 43. Qg5 1-0

[Event "Pyramides FFE GP KO"]
[Site "Le Port Marly"]
[Date "2012.01.08"]
[Round "1.2"]
[White "Fressinet, Laurent"]
[Black "Istratescu, Andrei"]
[Result "1-0"]
[WhiteElo "2693"]
[BlackElo "2628"]
[PlyCount "73"]
[EventDate "2012.01.08"]
[EventType "k.o. (rapid)"]
[EventRounds "3"]
[EventCountry "FRA"]
[SourceTitle "CBM 146 Extra"]
[Source "ChessBase"]
[SourceDate "2012.02.29"]
[SourceVersion "1"]
[SourceVersionDate "2012.02.29"]
[SourceQuality "1"]

1. Nf3 d5 2. c4 d4 3. e3 Nc6 4. b4 dxe3 5. fxe3 Nxb4 6. d4 e6 7. Nc3 Nf6 8. a3 Nc6 9. Bd3 g6 10. O-O Bg7 11. Bb2 O-O 12. Qe2 b6 13. Rad1 Bb7 14. Kh1 $146 ({RR} 14. Ne5 Nxe5 15. dxe5 Nd7 16. Be4 Bxe4 17. Nxe4 Qe7 18. Nf6+ Bxf6 19. exf6 Qe8 20. Qf2 Kh8 21. Qf4 e5 22. Qh6 Rg8 23. Rf3 Qe6 24. Rh3 Nxf6 25. Rf1 Nh5 26. Rxh5 gxh5 27. Qxe6 fxe6 28. Bxe5+ Rg7 {Gaehwiler,G (2421)-Estrada Nieto,J (2267) Chess.com INT 2022 1-0 (52)}) ({RR} 14. Ne5 Nxe5 15. dxe5 Nd7 16. Be4 Bxe4 17. Nxe4 Qe7 18. Nf6+ Bxf6 19. exf6 Qe8 20. Qf2 Kh8 21. Qf4 e5 22. Qh6 Rg8 23. Rf3 Qe6 24. Rh3 Nxf6 25. Rf1 Nh5 26. Rxh5 gxh5 27. Qxe6 fxe6 28. Bxe5+ Rg7 {Gaehwiler,G (2421)-Estrada Nieto,J (2267) Chess.com INT 2022 1-0 (52)}) 14... Qe7 15. e4 Rad8 16. d5 exd5 17. cxd5 Na5 18. Rfe1 Nb3 19. Bc4 Nc5 20. e5 Nfd7 21. Bc1 h6 22. Bf4 Kh7 23. Bg3 Rde8 24. Nb5 Qd8 25. e6 c6 26. Nd6 cxd5 27. Nxb7 Nxb7 28. e7 Rxe7 29. Qxe7 dxc4 30. Rxd7 Qxe7 31. Rdxe7 Nc5 32. Be5 Nd3 33. Bxg7 Kxg7 34. Rf1 Rc8 35. Nd4 c3 36. Rfxf7+ Kh8 37. Rh7+ 1-0

[Event "ARM-ch 72nd"]
[Site "Yerevan"]
[Date "2012.01.22"]
[Round "11"]
[White "Petrosian, Tigran L"]
[Black "Hovhannisyan, Robert"]
[Result "1-0"]
[WhiteElo "2636"]
[BlackElo "2589"]
[PlyCount "139"]
[EventDate "2012.01.11"]
[EventType "tourn"]
[EventRounds "11"]
[EventCountry "ARM"]
[EventCategory "13"]
[SourceTitle "CBM 147"]
[Source "ChessBase"]
[SourceDate "2012.03.16"]
[SourceVersion "1"]
[SourceVersionDate "2012.03.16"]
[SourceQuality "1"]

1. Nf3 d5 2. g3 c6 3. Bg2 Bg4 4. O-O Nd7 5. d3 e6 6. Qe1 Bd6 7. e4 ({RR} 7. Nfd2 Ne7 8. h3 Bh5 9. e4 f6 10. d4 Bf7 11. c4 O-O 12. Nc3 e5 13. dxe5 Bxe5 14. exd5 Bxc3 15. bxc3 cxd5 16. Ba3 Re8 17. Qb1 Qc7 18. Re1 Nb6 19. c5 Nd7 20. c4 Nxc5 21. Qb5 Nd3 {Piorun,K (2593)-Piesik,P (2426) Lublin POL 2023 1-0 (49)}) 7... Ne7 8. h3 Bh5 9. Nh4 $146 ({RR} 9. Nc3 O-O 10. Ne2 e5 11. Nh4 f6 12. f4 exf4 13. gxf4 Kh8 14. Ng3 Bf7 15. Kh1 Re8 16. Be3 Qc7 17. Qf2 dxe4 18. dxe4 Rad8 19. Rae1 b6 20. c3 Bxa2 21. Nhf5 Nxf5 22. Nxf5 Bf8 23. Bf3 g6 {Dubov,D (2659)-Khismatullin,D (2666) Sochi 2015 0-1 (48)}) ({RR} 9. Nc3 O-O 10. g4 Bg6 11. e5 Bb4 12. a3 Ba5 13. Bd2 Bb6 14. Qe2 a6 15. Kh1 c5 16. Bg5 Qe8 17. Bxe7 Qxe7 18. Nd2 h5 19. gxh5 Bf5 20. f4 Qh4 21. Qf3 f6 22. Rae1 fxe5 23. fxe5 Kh8 {Ledger,D (2310)-Gillen,S Norwich 1994 0-1 (59)}) 9... dxe4 10. dxe4 Ng6 11. Nxg6 Bxg6 12. f4 f6 13. Nd2 O-O 14. Nc4 Bc5+ 15. Kh2 Qe7 16. a3 Nb6 17. Na5 e5 18. f5 Bf7 19. g4 Nc4 20. Nxc4 Bxc4 21. Rf3 Rfd8 22. Rg3 Qd6 23. g5 Qd1 24. Qxd1 Rxd1 25. Bf3 Rd6 26. gxf6 Rxf6 27. Bg5 Rd6 28. Rg2 Kf8 29. Rd1 Rxd1 30. Bxd1 h6 31. Bh4 Be3 32. Bh5 Bc1 33. b3 Bf7 34. Bxf7 Kxf7 35. a4 Bg5 36. Bxg5 hxg5 37. Rxg5 Rd8 38. Rg2 Rd4 39. Re2 c5 40. Kg3 c4 41. Re3 cxb3 42. cxb3 Kf6 43. h4 Rd1 44. Kg4 Rd4 45. Kf3 Rd1 46. Ke2 Rd4 47. Kf2 Rd2+ 48. Kg3 Rd1 49. Rc3 Rg1+ 50. Kf3 Rh1 51. Kg4 Re1 52. Rc4 g6 53. fxg6 Kxg6 54. h5+ Kf6 55. h6 Kg6 56. h7 Rg1+ 57. Kf3 Kxh7 58. Rc7+ Kg6 59. Rxb7 Rb1 60. Rxa7 Rxb3+ 61. Kg4 Rb6 62. Ra5 Kf6 63. Rb5 Rc6 64. a5 Rc1 65. Rb6+ Ke7 66. Kf5 Kd7 67. a6 Rc5 68. a7 Ra5 69. Rh6 Kc7 70. Rh8 1-0

[Event "Tata Steel-B 74th"]
[Site "Wijk aan Zee"]
[Date "2012.01.28"]
[Round "12"]
[White "Bruzon Batista, Lazaro"]
[Black "Vocaturo, Daniele"]
[Result "1-0"]
[WhiteElo "2691"]
[BlackElo "2545"]
[PlyCount "97"]
[EventDate "2012.01.14"]
[EventType "tourn"]
[EventRounds "13"]
[EventCountry "NED"]
[EventCategory "15"]
[SourceTitle "CBM 147"]
[Source "ChessBase"]
[SourceDate "2012.03.16"]
[SourceVersion "1"]
[SourceVersionDate "2012.03.16"]
[SourceQuality "1"]

1. Nf3 Nf6 2. g3 c5 3. Bg2 b6 4. Ne5 d5 5. c4 e6 6. Nc3 Nbd7 7. Qa4 Bb7 8. cxd5 Nxd5 9. Nxd5 Bxd5 10. Bxd5 exd5 11. Qc6 Rc8 12. Qxd5 Nxe5 13. Qxe5+ Qe7 14. Qf5 $146 ({RR} 14. Qc3 f6 15. d3 g6 16. O-O Bg7 17. Qc4 Qf7 18. b3 O-O 19. a4 Rfd8 20. Be3 f5 21. Ra2 Bd4 22. Bg5 Rd7 23. a5 b5 24. Qxb5 Rb7 25. Qc4 Rxb3 26. Rc1 Qxc4 27. Rxc4 Be5 28. Be3 Rb5 {Panchenko,A (2369)-Neporozhniy,K Kiev 2003 1-0}) 14... Rd8 15. d3 g6 16. Qg5 Qb7 17. Qe5+ Kd7 18. O-O Bd6 19. Qc3 Rhe8 20. Bg5 Rc8 21. Qc4 Re6 22. a4 f6 23. Be3 Be5 24. Rac1 a5 25. Rfd1 Rcc6 26. Qb5 Kc8 27. Rc4 Red6 28. Rdc1 Kc7 29. f4 Bd4 30. Bxd4 Rxd4 31. Rxd4 cxd4 32. Rc4 Rxc4 33. Qxc4+ Qc6 34. Qxd4 Qc1+ 35. Kg2 Qd1 36. Qe4 f5 37. Qe7+ Kb8 38. Qe8+ Kb7 39. Qd7+ Kb8 40. Kf2 h5 41. Qc6 Ka7 42. h4 Qb1 43. Qc7+ Ka6 44. Qc4+ Kb7 45. Qd5+ Ka7 46. b3 Qc2 47. Qf7+ Ka8 48. Qc4 Qd1 49. Qa6+ 1-0

[Event "Queenstown op"]
[Site "Queenstown"]
[Date "2012.01.20"]
[Round "6"]
[White "Li, Chao B"]
[Black "Zhao, Xue"]
[Result "1-0"]
[WhiteElo "2693"]
[BlackElo "2551"]
[PlyCount "89"]
[EventDate "2012.01.15"]
[EventType "swiss"]
[EventRounds "9"]
[EventCountry "NZL"]
[SourceTitle "CBM 146 Extra"]
[Source "ChessBase"]
[SourceDate "2012.02.29"]
[SourceVersion "1"]
[SourceVersionDate "2012.02.29"]
[SourceQuality "1"]

1. Nf3 Nf6 2. g3 b5 3. Bg2 Bb7 4. Na3 a6 5. c4 c6 6. O-O e6 7. d4 ({RR} 7. b3 d6 8. Re1 Nbd7 9. e4 b4 10. Nc2 c5 11. d3 Be7 12. h4 O-O 13. Nh2 Ne8 14. d4 cxd4 15. Nxd4 Nc5 16. Qc2 Rc8 17. a3 bxa3 18. Bxa3 Qb6 19. b4 Nd7 20. Nb3 Nef6 21. Qe2 Ba8 {Strache,M (2275)-Mainka,R (2357) Germany GER 2025 1-0 (37)}) 7... d5 8. b3 Nbd7 ({RR} 8... b4 9. Nc2 dxc4 10. bxc4 c5 11. Rb1 a5 12. a3 Be4 13. Ne5 Nbd7 14. Bf4 Nxe5 15. Bxe5 Bxg2 16. Kxg2 Nd7 17. Bf4 Qb6 18. dxc5 Bxc5 19. axb4 axb4 20. Qd3 Ra4 21. Rfd1 Nf6 22. Be5 O-O 23. Bxf6 {Donchenko,A (2636)-Ponkratov,P (2641) Chess.com INT 2022 ½-½ (52)}) 9. Nc2 Be7 $146 ({RR} 9... Bd6 10. c5 Bc7 11. Nb4 e5 12. dxe5 Nxe5 13. Nd4 a5 14. Nd3 O-O 15. Bb2 Re8 16. Rc1 Qd7 17. Rc2 a4 18. Nf4 axb3 19. axb3 Bc8 20. e3 Qe7 21. Nxc6 Nxc6 22. Bxf6 Qxf6 23. Nxd5 Qd8 24. Nxc7 {Loginov,V (2525)-Kholmov,R (2435) St Petersburg 1996 ½-½ (40)}) 10. a4 bxc4 11. bxc4 a5 12. Bf4 O-O 13. Ne5 Rc8 14. Nxd7 Nxd7 15. c5 Ba6 16. Re1 f5 17. Bd2 e5 18. Bc3 e4 19. Qd2 h5 20. Bxa5 Qe8 21. Nb4 Bc4 22. Rec1 h4 23. e3 Nf6 24. Rxc4 dxc4 25. Bf1 Nh7 26. Nc2 Ng5 27. Ne1 Qh5 28. Bb6 c3 29. Qxc3 Kh7 30. a5 Qg4 31. Qd2 Ne6 32. Qe2 Qg6 33. Ng2 Qh6 34. a6 h3 35. Nf4 Ng5 36. Qh5 Nf3+ 37. Kh1 Qxh5 38. Nxh5 g5 39. a7 Ra8 40. Ba6 Kg6 41. g4 Rf7 42. Ng3 fxg4 43. Bc4 Rg7 44. Be6 Bd8 45. Bf5+ 1-0